Statistics for 10 countries with most KFC outlets

Click here to take the quiz!

General Stats

  • This quiz has been taken 37 times
  • The average score is 8 of 10

Answer Stats

OutletsAnswer% Correct
4563China
97%
784UK
97%
4491USA
95%
1181Japan
92%
663Canada
92%
618Australia
81%
736South Africa
68%
465Indonesia
59%
531Thailand
54%
579Malaysia
51%

Score Distribution

Percentile by Number Answered

Percent of People with Each Score

Your Score History

You have not taken this quiz